000 00583nam a2200181Ia 4500
008 151018s9999 xx 000 0 und d
082 _bRBASDV45915
_a891.431
100 _aरोहिताश्व
245 _aपढने कि बारी आई
250 _b1
260 _bशब्द प्रकाशन सातारा
_c2008
300 _a32
600 _aरोहिताश्व
630 _aपढने कि बारी आई
700 _aरोहिताश्व
730 _aपढने कि बारी आई
942 _cBOOK
999 _c1045091
_d1045088